| 000 | 00495nam a22001697a 4500 | ||
|---|---|---|---|
| 003 | NUST | ||
| 005 | 20220909155815.0 | ||
| 008 | 171002b xxu||||| |||| 00| 0 eng d | ||
| 040 | _cNUST | ||
| 082 | _a330 | ||
| 100 |
_aFatima,Bushra _95146 |
||
| 245 | _aDeterminants of household food expenditures among households receiving social protection in Pakistan | ||
| 260 |
_aIslamabad _c2017 |
||
| 300 | _a69p | ||
| 856 | _uhttp://10.250.8.41:8080/xmlui/handle/123456789/6771 | ||
| 942 |
_2ddc _cTHE |
||
| 999 |
_c331513 _d331513 |
||